Experiencias con el concepto Bobath: fundamentos-tratamiento-casos
Tallennettuna:
| Päätekijä: | |
|---|---|
| Aineistotyyppi: | Kirja |
| Kieli: | espanja |
| Julkaistu: |
Madrid
Médica Panamericana
2000
|
| Painos: | 1a. ed |
| Aiheet: | |
| Tagit: |
Lisää tagi
Ei tageja, Lisää ensimmäinen tagi!
|
MARC
| LEADER | 00000nam a2200000 a 4500 | ||
|---|---|---|---|
| 001 | UCH3604 | ||
| 003 | CL-VaPUC | ||
| 008 | 090811e20000000SP |||||||||||||||||spa|d | ||
| 020 | |a 8479035714 | ||
| 082 | 0 | 4 | |a 615.82 |b PAE |2 21 |
| 100 | |a Paeth Rohlfs, Bettina |e autora |9 539031 | ||
| 245 | 1 | 0 | |a Experiencias con el concepto Bobath: fundamentos-tratamiento-casos |
| 250 | |a 1a. ed | ||
| 300 | |a 274 p | ||
| 942 | |c BK | ||
| 945 | |d 20090811 00:00:00 |a cmena | ||
| 260 | |a Madrid |b Médica Panamericana |c 2000 | ||
| 600 | 0 | 7 | |a BOBATH, KAREL |2 CL-VaPUC |9 539032 |
| 650 | 0 | |a Fisioterapia |9 307408 | |
| 650 | 0 | |a Aparato locomotor (musculoesqueleto) |9 474697 | |
| 650 | 7 | |a NEUROFISIOLOGIA |2 CL-VaPUC |9 539033 | |
| 650 | 0 | |a Trastornos motores |9 539034 | |
| 650 | 7 | |a MOTRICIDAD |2 CL-VaPUC |9 307419 | |
| 650 | 7 | |a ENFERMEDADES DEL APARATO LOCOMOTOR |2 CL-VaPUC |9 539035 | |
| 583 | |a last modification |c 20090811 00:00:00 |k Rodrigo Vera | ||
| 999 | |c 335086 |d 335084 | ||
| 952 | |0 0 |1 0 |4 0 |6 615_820000000000000_PAE_2000 |7 0 |8 A |9 424663 |a BIBCUR |b BIBCUR |d 2019-11-22 |i 1089455 |l 4 |m 1 |o 615.82 PAE 2000 |p 1089455 |r 2025-04-22 |s 2023-09-22 |w 2019-11-22 |y BK |k KIN | ||